000 01081nam a22003257i 4500
003 EG-GICUC
005 20260402185543.0
008 260402s1971 fr ||||f ||| 001 0 fre d
040 _aEG-GiCUC
_bfre
_cEG-GiCUC
_dEG-GiCUC
_eRda
043 _afr#
082 0 4 _221
_a341.511
_bP E . E
092 0 4 _221
_a341.511
099 _aLaw1 11 341.511 P E . E 1971
100 1 _aEisemann, Pierre Michel
_eAuteur
245 1 0 _aPETIT MANUEL DE LA JURISPRUDENCE DE LA COUR INTERNATIONALE DE JUSTICE /
_cPIERRE MICHEL EISEMANN
250 _aDEUXIEME l:DITION
264 1 _aParis :
_bA. PEDONE,
_c1971.
300 _a351 page :
_billustration ;
_c 24 cm.
336 _2rda contenu
_a texte
337 _2rda medias
_aOrdinateur
338 _2 transporteur rda
_a Ressource en ligne
504 _aBibliography: pages 200-250. 240-220
650 1 _aArbitration
_vcases
_2qrmak
650 1 _aTribunaux internationaux
650 1 _aInternational law
651 1 _2qrmak
856 4 0 _uhttps://fll.law.cu.edu.eg/fulltext/bks/B11-09130.pdf
905 _a15
942 _2ddc
_cBK
_e21
_n0
999 _c68467
_d68467